000 00675nam a2200253 a 4500
999 _c8007
_d8007
001 8007
003 BD - JhCC
005 20180717084634.0
008 180717s1956 enk 000 1 eng d
035 _a(BD-JhCC)8007
040 _aBD-JhCC
_dBD-JhCC
041 _aeng
082 _bRAW 1956
_a813.52
100 1 _aRawlings, Marjorie Kinnan,
_c1896-1953.
245 1 4 _aThe yearling /
_cMarjorie Kinnan Rawlings
260 _aLondon :
_bWilliam Heinemann,
_c1956.
300 _a202 p. :
_c20 cm.
490 1 _aPenguin readers level 3
650 0 _aDeer
650 0 _aHuman-animal relationships
650 0 _aWild animals as pets
942 _2ddc
_cBK